| 000 | 00803nam a2200265Ia 4500 | ||
|---|---|---|---|
| 001 | Para_4502 | ||
| 003 | CHAP | ||
| 008 | 220125s1912 xx 000 0 und d | ||
| 010 | _a202983 | ||
| 040 | _cCHAP | ||
| 090 | _aPA FOLLETO 1750 | ||
| 100 |
_aChittenden, F. H _922634 |
||
| 245 |
_aPapers on insects affecting stored pruducts : _b The broad-bean weevil (Laria rufimana Boh.) / _c F. H. Chittenden |
||
| 260 |
_aWashington : _b Department of Agriculture |
||
| 300 | _a59-82 p. | ||
| 440 |
_aEUA. Dept. Agri. Bull; 96 Part. V _9168530 |
||
| 650 |
_aBruchus rufimanus Haba _x Plagas _9168426 |
||
| 901 | _aPA FOLLETO 1750 | ||
| 902 | _aA | ||
| 905 | _a0000001912 WAS 0000000000 00 | ||
| 910 | _a1912 | ||
| 942 | _cPARA | ||
| 942 |
_cPARA _d1 |
||
| 999 |
_c202983 _d202983 |
||